Quizzes
Events
Quiz Creation
Community
Videos
Private Events
Remove Ads
Sign In
Join for FREE
Feedback
Dark Mode
Quiz Categories
Sports
Geography
Music
Movies
Television
Just For Fun
Miscellaneous
History
Literature
Language
Science
Gaming
Entertainment
Religion
Holiday
For Kids
Quiz Lab
Recent
Popular Today
Quiz Kudos Today
Editor Picks
Curator Picks
Quizzes by...
Day
Popularity
Type
Ratings
Length
Year
Community
Subscriptions
Recent Discussions
Orange Saloon
Badges
Playlists
Quests
Create
Leaderboards
Showdown
Live 5
Trivia Bingo
Activity
Puzzle Library
Sporcle Events
Private Events
Virtual Trivia
Globe League
Become a Host
Pub Owners
SporcleCon
Opinionation
Our Games
Videos
Blog
Mobile Apps
Partnerships
Remove Ads and Go Orange
Feedback
Science
Computer
Plants
Astronomy
Chemistry
Elements
Math
Animal
Physics
Anatomy
Biology
Geology
General Science
Science
Computer
Plants
Astronomy
Chemistry
Elements
Math
Animal
Physics
Anatomy
Biology
Geology
General Science
Random Quiz
Search Sporcle
×
Quiz Lab
Quiz Lab
Science
disease
Type in answers that appear in a list
Type in answers that appear in a list
Classic
Best Score? Go Orange.
Names of Pathogenic Diseases, Pt. 1 Stats
Can you name the Binomial Nomenclatures of Pathogenic Diseases, Pt. 1?
By
rainbowcafe
10m
14 Questions
20 Plays
20 Plays
20 Plays
Comments
Comments
Give Quiz Kudos
Give Quiz Kudos
-
- Ratings
hide this ad
More Info
Forced Order
Answers have to be entered in order
Answers have to be entered in order
Replay
Link that replays current quiz
Next Quiz
Link to next quiz in quiz playlist
You Got
0%
They Got
Avg Score
47%
Avg Friend Score
Upgrade to see
Score Distribution
Jump to the score distribution portion of the page
Score
0/14
Timer
10:00
0
Plays Today
Common Name of Disease
Binomial Nomenclature
% Correct
Cholera
Vibrio cholerae
75%
Peptic Ulcers and Stomach Cancer
Helicobacter pylori
75%
Typhoid Fever
Salmonella typhi
70%
Plague (Rat Fleas)
Yersinia pestis
65%
Rocky Mountain Spotted Fever (Ticks)
Rickettsia rickettsii
55%
Whooping Cough
Bordetella pertussis
55%
Meningococcal Meningitis
Neisseria meningitidis
45%
Common Name of Disease
Binomial Nomenclature
% Correct
Gonorrhoea
Neisseria gonorrhoeae
40%
Q Fever (Milk)
Coxiella burnetii
40%
Epidemic Typhus (Lice)
Rickettsia prowazekii
35%
Brucellosis (Cows)
Brucella abortus
35%
Serious Pneumonia
Klebsiella pneumoniae
30%
Serious Food-
Borne Disease, Can Be Fatal
Escherichia coli 0157:H7
20%
Bacteremia, Pneumonia, Meningitis in Very Young
Haemophilus influenzae Type B (Hib)
20%
Quiz Playlist
Details
Report
Send in Message
Add To Playlist
More Info:
Can you name the binomial nomenclatures of these diseases? For Microbiology students, part 1.
Classic:
Type in answers that appear in a list
Forced Order:
Answers have to be entered in order
Last Updated: Feb 16, 2017
Quiz Scoreboard
CHALLENGE
Sign Up to Join the Scoreboard
Show All
Scores
Hide
Comments
May contain spoilers
Recently Published
Presidents Visiting Landmarks
by Hejman
History
7m
An Introduction to Baseball
by treessimontrees
Sports
5m
Movies - When Are They Set?
by FPL_Elf
Movies
5m
More to Explore
Quiz From the Vault
Featured Blog Post
Where Did the Easter Bunny Come From?
hide this ad
You Might Also Like...
Tags
disease
pathogenic
Today's Top Quizzes in Science
Browse Science
hide this ad
Today's Top Quizzes in disease
Browse disease
Top Contributed Quizzes in Science
1
Quick Pick: Radians
2
Name the Acid, Base or Salt
3
Quick Pick: 'CI-CJ' Animals
4
Elements In Images
5
One Thing in Common: Science
6
One Thing in Common: Animals
7
One Thing in Common: Science III
8
1 to 50
9
One Thing in Common: Science II
10
Order Up: Organs and Body Systems
Explore More
Trending Topics
Kpop
Marvel
Crossword
NBA
Anime
Harry Potter
Disney
Country
The Office
NFL
Pokémon
Soccer
Song
WWE
Puzzle
hide this ad
More By:
rainbowcafe
Quiz
Plays
Rating
Category
Featured
Created
AP Chemistry Vocabulary
544
Science
Apr 13, 2010
Important Glycolysis Steps
438
Science
Oct 8, 2010
Names of Gram-Positive Bacteria
223
4.00
Science
Oct 6, 2010
Can you name the characters of NUMB3RS?
183
5.00
Entertainment
May 1, 2010
Virus and Prion Pathogens
73
2.00
Science
Oct 24, 2010
Go to Creator's Profile
Score Distribution
Quiz Creator Spotlight
rainbowcafe
Follow
Send a Message
Quizzes Created
-
Created Quiz Play Count
-
More By This Creator
Popular Quizzes Today
1
Find the US States - No Outlines Minefield
2
Find the Countries of Europe - No Outlines Minefield
3
The Countries of the World
4
Find the US States
5
Popular People in 1961
6
US States
7
Risky Map Clicking: Biggest States A-Z
8
Movies - When Are They Set?
More Science Quizzes
Science Books: The Subtitles II
Published
Trending Quizzes
Risky Map Clicking: Least Populous States A-Z
1-10 Letter G Words
1-10 Letter F Words
Risky Map Clicking: Next State Alphabetically
Risky Map Clicking: Biggest States A-Z
Recently Updated
Leaping Animals
pecheneg
Reality TV Shows (A-Z)
bhenderson79
Rickey Henderson's Hall of Fame Teammates
pecheneg
Champions League XIs: Arsenal
pecheneg
Quick Pick: Celebrities in WWE's Hall of Fame
aduchscher
A-Z Keypad Blitz II
pecheneg
Multiple Oscar Actors
pecheneg
Mystery Phrase Blitz: Oscar 'Best Actors'
pecheneg
F. Scott Fitzgerald Novels
LTH
Pick 3 Villains
ddd62291
Trending Topics
Marvel
Crossword
Harry Potter
Anime
NBA
Disney
Kpop
Song
Country
NFL
Puzzle
WWE
Pokémon
The Office
Soccer
Your Account Isn't Verified!
In order to create a playlist on Sporcle, you need to verify the email address you used during registration. Go to your
Sporcle Settings
to finish the process.
Report this User
Report this user for behavior that violates our
Community Guidelines
.
Details:
Send Report
Go to the Sporcle.com Mobile Site →
Comments